| 000 | 00547nam a2200181Ia 4500 | ||
|---|---|---|---|
| 003 | GCL | ||
| 008 | 140319s9999 xx 000 0 ara d | ||
| 040 |
_aGCL / _cGCL |
||
| 082 | 0 | 4 |
_a415.1 _bع ا |
| 100 | 1 | _aعصام نورالدين | |
| 245 | 1 | 0 |
_aالاعراب والبناء / _cعصام نورالدين |
| 260 |
_a[S.N] : _bدار الفكر اللبنانى ، _c1993 |
||
| 300 | _a237 ص | ||
| 490 |
_aدروس فى التطبيق النحوى _v0 |
||
| 650 | 0 | 4 | _aالنحو |
| 650 | 0 | 4 | _aاللغة العربية |
| 942 |
_2ddc _cBK |
||
| 999 |
_c37330 _d37330 |
||